Advanced SSBR technology for improved tire performance (Record no. 53863)

MARC details
000 -LEADER
fixed length control field 00391nam a2200109Ia 4500
100 ## - MAIN ENTRY--AUTHOR NAME
Personal name Hardy D
245 #0 - TITLE STATEMENT
Title Advanced SSBR technology for improved tire performance
260 ## - PUBLICATION, DISTRIBUTION, ETC. (IMPRINT)
Name of publisher India Rubber Expo & Tyre Show 2013. Conference & Workshop Abstracts, 22-24 January 2013, Mumbai, India. pp.17-20.
650 ## - SUBJECT ADDED ENTRY--TOPICAL TERM
Topical Term SSBR technology
942 ## - ADDED ENTRY ELEMENTS (KOHA)
Koha item type Journals
Holdings
Withdrawn status Lost status Damaged status Not for loan Home library Current library Shelving location Date acquired Koha item type
      Journals RRII Library RRII Library Rubber technology 01/01/2016 Journals